02876nam a2200421 a 4500001001200000003000800012006001900020007001500039008004100054010001700095020001800112020002700130040002100157035002100178050002400199082001400223245015000237260004500387300002600432490002300458500024300481504005100724505104300775533015201818650003301970650003802003650004202041650005202083650003202135655002902167700001802196700002002214700001702234710001702251830004102268856012602309999001902435ebr10542549CaPaEBRm u cr cn|||||||||111116s2012 njua sb 101 0 eng d z 2011045311 z9780470672334 z9781118280843 (e-book) aCaPaEBRcCaPaEBR a(OCoLC)78186338414aHD7286b.C43 2012eb04a333.322304aThe challenges of the housing economyh[electronic resource] :ban international perspective /cedited by Colin Jones, Michael White, Neil Dunse. aHoboken, N.J. :bWiley-Blackwell,c2012. axviii, 316 p. :bill.1 aReal estate issues a"The chapters of this book are selected from papers presented at a symposium organised by the editors and generously funded by the Royal Institution of Chartered Surveyors (RICS) and held in September 2010 in Edinburgh."--Acknowledgement. aIncludes bibliographical references and index.0 aContributors -- Glossary -- Introduction : the housing economy and the credit crunch -- The housing boom, the bust and US housing policy -- Housing bubbles and foreclosures that follow : the case of Las Vegas -- Unemployment risk, homeownership, and housing wealth : lessons from the bubble -- The changing nature of household demand and housing market trends in China -- The structural sustainability of home ownership in Australia -- Impacts on wealth and debt of changes in the Danish financial framework over a housing cycle -- Market stability, housing finance, and home ownership in Germany -- The responsiveness of new supply to house prices : a perspective from the Spanish housing market -- The UK housing market cycle and the role of planning : the policy challenge following the financial crisis -- Developments in the role of social housing in Europe -- Delivering affordable housing in the UK -- The UK private rented sector as a source of affordable accommodation -- Conclusions: the challenges ahead -- References -- Index. aElectronic reproduction.bPalo Alto, Calif. :cebrary,d2011.nAvailable via World Wide Web.nAccess may be limited to ebrary affiliated libraries. 0aHousingxPricesvCongresses. 0aReal estate businessvCongresses. 0aReal propertyxOwnershipvCongresses. 0aGlobal Financial Crisis, 2008-2009vCongresses. 0aHousing policyvCongresses. 7aElectronic books.2local1 aJones, Colin.1 aWhite, Michael.1 aDunse, Neil.2 aebrary, Inc. 0aReal estate issues (Oxford, England)40uhttp://site.ebrary.com/lib/rucke/Doc?id=10542549zAn electronic book accessible through the World Wide Web; click to view c246533d246533